Předávání

Saved in:
Bibliographic Details
Main Author Radek, Stavěl
Format Electronic eBook
LanguageCzech
Published Host 2025
Edition1. elektronické vydání
Subjects
Online AccessDostupné v BOOKPORT po přihlášení pomocí eduID
ISBN978-80-275-2832-5
978-80-275-2833-2
978-80-275-2626-0
Physical Description1 online zdroj (288 stran)

Cover

LEADER 00000nam a2200000 i 4500
001 bkp466879604
003 CZ-prgp
005 20251023151226.0
006 m o d
007 cr cn
008 251023s2025 xr o 000 1 cze
020 |a 978-80-275-2832-5  |c 259 Kč  |q (online ; pdf) 
020 |a 978-80-275-2833-2  |c 259 Kč  |q (online ; epub) 
020 |a 978-80-275-2626-0  |c 399 Kč  |q (print) 
040 |a Grada  |b cze  |e rda 
100 1 |a Radek, Stavěl 
245 1 0 |a Předávání  |c Stavěl Radek 
250 |a 1. elektronické vydání 
264 1 |b Host  |c 2025 
300 |a 1 online zdroj (288 stran) 
336 |a text  |b txt  |2 rdacontent 
337 |a počítač  |b c  |2 rdamedia 
338 |a online zdroj  |b cr  |2 rdacarrier 
520 3 |a Literární puzzle mezi láskou a smrtí, kde každý dílek skládačky může změnit celý příběh 
650 0 4 |a Česká současná beletrie 
856 4 0 |u https://www.bookport.cz/AccountSaml/SignIn/?idp=https://shibboleth.utb.cz/idp/shibboleth&returnUrl=/kniha/predavani-15412/  |y Dostupné v BOOKPORT po přihlášení pomocí eduID